Central Library OPAC University of Rajshahi

Political elites in the Middle East / (Record no. 1886)

MARC details
000 -LEADER
fixed length control field 01312cam a2200325 i 4500
001 - CONTROL NUMBER
control field 1886
003 - CONTROL NUMBER IDENTIFIER
rucl marc code BD-RjUL
005 - DATE AND TIME OF LATEST TRANSACTION
control field 20211208233432.0
008 - FIXED-LENGTH DATA ELEMENTS--GENERAL INFORMATION
fixed length control field 131209r19791975dcu b 001 0 eng
020 ## - INTERNATIONAL STANDARD BOOK NUMBER
International Standard Book Number 0844731633 (pbk)
-- 0844731641
035 ## - SYSTEM CONTROL NUMBER
System control number (BD-RjUL)1913
040 ## - CATALOGING SOURCE
Original cataloging agency DLC
Transcribing agency DLC
Modifying agency DLC
-- BD-RjUL
Language of cataloging eng
041 ## - LANGUAGE CODE
Language code of text/sound track or separate title eng
082 00 - DEWEY DECIMAL CLASSIFICATION NUMBER
Classification number 301.5920956
Author mark and year POL 1979
245 00 - TITLE STATEMENT
Title Political elites in the Middle East /
Statement of responsibility, etc. edited by George Lenczowski.
260 ## - PUBLICATION, DISTRIBUTION, ETC. (IMPRINT)
Place of publication, distribution, etc. Washington :
Name of publisher, distributor, etc. American Enterprise Institute for Public Policy Research,
Date of publication, distribution, etc. c1975 [Printing 1979].
300 ## - PHYSICAL DESCRIPTION
Pagination 227 p. :
Illustrations ill ;
Size 26 cm.
500 ## - GENERAL NOTE
General note "Presented by the American Enterprise Institute for Public Policy Research as the ninth study within the framework of its Middle East research project."
504 ## - BIBLIOGRAPHY, ETC. NOTE
Bibliography, etc Includes bibliographical references and index.
650 #0 - SUBJECT ADDED ENTRY--TOPICAL TERM
Topical term or geographic name as entry element Elite (Social sciences)
Geographic subdivision Middle East.
9 (RLIN) 6218
Topical term or geographic name as entry element Political sociology.
9 (RLIN) 5972
651 #0 - SUBJECT ADDED ENTRY--GEOGRAPHIC NAME
Geographic name Middle East
General subdivision Politics and government
Chronological subdivision 1945-1979.
9 (RLIN) 6219
700 1# - ADDED ENTRY--PERSONAL NAME
Personal name Lenczowski, George.
710 2# - ADDED ENTRY--CORPORATE NAME
Corporate name or jurisdiction name as entry element American Enterprise Institute for Public Policy Research.
9 (RLIN) 6221
942 ## - ADDED ENTRY ELEMENTS (KOHA)
Source of classification or shelving scheme Dewey Decimal Classification
Koha item type Books
Holdings
Lost status Source of classification or shelving scheme Damaged status Not for loan Collection code Permanent Location Current Location Shelving location Date acquired Source of acquisition Cost, normal purchase price Total Checkouts Full call number Date last seen Copy number Koha item type
  Dewey Decimal Classification     Non-fiction Central Library, University of Rajshahi Central Library, University of Rajshahi   02/05/1983 Heffers 4.25   301.5920956 POL 1979 09/12/2013 C-3 Books
  Dewey Decimal Classification     Non-fiction Central Library, University of Rajshahi Central Library, University of Rajshahi   13/04/1982 Heffers 4.35   301.5920956 POL 1979 08/05/2016 C-2 Books
  Dewey Decimal Classification     Non-fiction Central Library, University of Rajshahi Central Library, University of Rajshahi   02/05/1983 Heffers 4.25   301.5920956 POL 1979 08/05/2016 C-4 Books
  Dewey Decimal Classification     Non-fiction Central Library, University of Rajshahi Central Library, University of Rajshahi   05/07/1976 USIS 4.25   301.5920956 POL 1979 08/05/2016 C-5 Books